Places in Cumbria - sudden death - Statistics

General Stats
  • This quiz has been taken 54 times
  • The average score is 16 of 28
Answers on the Grid
Answers color-coded by a green-red scale on the quiz's grid according to % correct below.
Barrow-in-Furness
Manchester
The Lake District
Preston
England's largest lake
NASA mission control
Blackpool
Stan Laurel's birthplace
Carlisle
Houses of Parliament
Dumfries
Workington
Penrith
Snowdon
A nuclear power station
Tebay Services
Morecambe
Ramsey
Haltwhistle
Hexham
South Tyne River
England's highest mountain
River Eden
Walney Island
Lake Windermere
Bangor
Kendal
Gretna
Aldridge
Scafell
The Pennines
Carnforth
Cumberland district
Brougham Castle
Appleby-in-Westmorland
Whitehaven
A Scottish exclave
Caterham
Bowness-on-Windermere
Chris Bonington's birthplace
Port Dickson
Ulverston
Hadrian's Wall
England's northernmost point
Windermere
Bolton-le-Sands
RSPB Campfield Marsh reserve
Portadown
 
Answer Stats
Answer % Correct
Barrow-in-Furness
86%
Carlisle
83%
Kendal
83%
Lake Windermere
83%
Penrith
83%
The Lake District
83%
Windermere England's largest lake
72%
Scafell
72%
Workington
69%
Sellafield A nuclear power station
66%
England's highest mountain
66%
Tebay Services
62%
Bowness-on-Windermere
59%
Cumberland district
59%
River Eden
59%
Whitehaven
59%
Hadrian's Wall
55%
Ulverston
55%
Windermere
55%
Appleby-in-Westmorland
45%
Stan Laurel's birthplace
41%
Walney Island
38%
The Pennines
34%
Chris Bonington's birthplace
24%
Haltwhistle
24%
RSPB Campfield Marsh reserve
24%
Brougham Castle
14%
South Tyne River
14%
No matching quizzes found
Score Distribution
Percent of People with Each Score
Percentile by Number Answered
Your Score History
You have not taken this quiz